| 000 | 00747nam a2200277Ia 4500 | ||
|---|---|---|---|
| 001 | Para_10074 | ||
| 003 | CHAP | ||
| 008 | 220125s2010 xx 000 0 und d | ||
| 010 | _a208761 | ||
| 020 | _a978 - 0 - 87893 - 866 - 7 | ||
| 040 | _cCHAP | ||
| 082 | _aPA 581.1 T35y 2010 | ||
| 100 |
_aTaiz, Lincoln _9111370 |
||
| 245 |
_aPlant physiology / _c Lincoln Taiz, Eduardo Zeiger |
||
| 260 |
_aMassachusetts : _b Sinauer Associates |
||
| 300 | _a782 p. | ||
| 650 |
_aFisiologĂa vegetal _941136 |
||
| 700 |
_aZeiger, Eduardo _9123862 |
||
| 901 | _aPA 581.1 T35Y 2010 | ||
| 902 | _aM | ||
| 905 | _a5232202010 nm 8000000300 06 | ||
| 910 | _a2010 | ||
| 942 | _cPARA | ||
| 942 |
_cPARA _d1 |
||
| 999 |
_c208761 _d208761 |
||